| 000 | 00819nam a2200241 a 4500 | ||
|---|---|---|---|
| 001 | BRCA_66 | ||
| 005 | 20190320202853.0 | ||
| 008 | 930507s1983 mx-a---##b---#000-0#spa-d | ||
| 020 | _a9685804885 | ||
| 040 |
_aDLC _cDLC _dDLC |
||
| 041 | _aspa | ||
| 044 | _amx | ||
| 050 | 4 |
_aAM141 _b.M24 1983 |
|
| 100 | 1 |
_aMadrid Jaime, Miguel Alfonso _9303 |
|
| 245 | 1 | 0 |
_aManual de mantenimiento museográfico _cMiguel Alfonso Madrid Jaime. |
| 260 |
_aMéxico _bUNAM, Coordinación de Humanidades, Centro de Investigación y Servicios Museológicos _cc1983 |
||
| 300 |
_a230 p. _bil. _c26 cm. |
||
| 500 | _a2do. ejemplar en el Área de Investigación | ||
| 504 | _aBibliografía: p. 227-230 | ||
| 650 | 1 | 4 |
_aMuseos _vManuales _xMétodos de conservación _9304 |
| 650 | 1 | 4 |
_aMuseos _vManuales _xMedidas de seguridad _9192 |
| 942 |
_2lcc _cB |
||
| 999 |
_c65 _d65 |
||